Star Wars - Épisode IV - Un nouvel Espoir - Statistiques

Statistiques générales
  • Ce quiz a été pris 94 fois
  • Le résultat moyen est 19 sur 22
Statistiques - réponses
Question Réponse % Correct
Objet que ce dernier confie à Luke Sabre laser
100%
Seigneur Sith qui la capture Dark Vador
99%
"Énergie" qui émane de tout être et qui les relie La Force
99%
Vrai prénom de Ben Kenobi Obi-Wan
99%
Droïdes qui s'échappent du vaisseau dela princesse R2-D2
99%
Droïdes qui s'échappent du vaisseau dela princesse C-3PO
98%
Pilote recruté par Kenobi Han Solo
98%
Princesse dont le vaisseau se fait arraisonner Leia
98%
Son copilote Chewbacca
97%
Nom de famille de Luke Skywalker
97%
Nom de son vaisseau Faucon Millenium
95%
Planète sur laquelle atterrissent ces droïdes Tatooine
94%
Nom de la station spatiale Impériale Étoile de la Mort
86%
Profession de son oncle et sa tante Fermiers
81%
Nom des soldats impériaux Stormtroopers
81%
Type de vaisseau que pilote Luke X-Wing
80%
Grand Moff qui commande cette station Tarkin
77%
Chasseur de prime payé pour tuer le pilote Greedo
65%
Planète détruite par cette station spatiale Alderaan
64%
Créatures qui enlèvent ces droïdes pour les vendre Jawas
57%
Lune sur laquelle se trouve la base rebelle Yavin 4
49%
Ville où se situe le spatioport Mos Eisley
48%
Aucun quiz correspondant
Distribution des résultats
% des personnes avec chaque résultat
Percentile par nombre de réponses
Votre historique - résultats
Vous n’avez pas pris ce quiz